000 00741nam a2200253Ia 4500
003 OSt
005 20221007104353.0
006 a|||||r|||| 00| 0
007 ta
008 221006b |||||||| |||| 00| 0 eng d
024 _a15,661
037 _cTextual
040 _aLCO
_cLCO
_beng
041 _2eng
_aeng
082 _aZ(Q2),2,6, P7
100 _aSwaroop R.
_9706033
245 0 _aHindu Law of Succession Towards Equality of Sexes
_b Being a commentary on hindu succession act 1956
250 _a4th
260 _aHyderabad
_bAndhra Legal Decisions India
_c2007
300 _a496
650 _aHINDU LAW OF SUCCESSION
_9706034
942 _hZ(Q2),2,6, P7
_cTEXL
999 _c1185224
_d1185224